000 01017nam a2200301 c 4500
003 BLK
005 20230701005132.0
008 180412b bul|||||r ||||||| ||bul||
010 _aKNG00002208000
020 _a954-445-113-7
_bиздат.: Христо Ботев
040 _aBLK
041 _aBUL
_cBUL
080 _aБългарска литература
_b821.163.2
_x-32
_z821.163.2-32
100 _aБиолчев, Боян Асенов
_cЧичо Боби (псевдоним)
_d1942 -
_9365228
139 _aБиолчев, Боян Асенов
_bБ 45
245 1 0 _aНищо за продан
_bНовели
_cБоян Асенов Биолчев.
257 _aBGR
260 София
_bХристо Ботев
_c1994
300 _a215 с.
_c20 см
380 _aX
500 _a3 000 тир.
852 _aЦб 178741
856 4 _qpdf
_u
856 4 _qpdf
_u
942 _cKNG
_n0
944 _aCR
_c15.01.2003
_kНаталия_Медовщикова
944 _aED
_c23.08.2012
_k
999 _c1386
_d1386